| 000 | 00498cam a2200181 a 4500 | ||
|---|---|---|---|
| 001 | 2466468 | ||
| 005 | 20240227055247.0 | ||
| 008 | 900309s1989 ii b 001 0 eng | ||
| 020 | _a8121202868 : | ||
| 040 |
_aDLC _cDLC _dDLC |
||
| 082 | 0 | 0 |
_a323.334. _220 _bMAN. |
| 100 | 1 | _aManikyamba, P. | |
| 245 | 1 | 0 |
_aWomen in panchayati raj structures / _cP. Manikyamba ; foreword by Vina Mazumdar. |
| 260 |
_aNew Delhi : _bGian Pub. House, _c1989. |
||
| 300 | _axii, 142 p. ; | ||
| 650 | 0 | _aWomen | |
| 942 | _cL | ||
| 999 |
_c505 _d505 |
||